Ley de memoria histr̤ica (la problemt̀ica jurd̕ica de la retirada o mantenimiento de sm̕bolos y monumentos pb︢licos) /

Detalles Bibliográficos
Autor principal: Abad Liceras, Jos ̌Mara̕
Autor Corporativo: Espaą
Formato: Libro
Lenguaje:español
Publicado: Madrid : Dykinson, cop. 2009
Materias:
Acceso en línea:Acceso restringido

MARC

LEADER 00000cam a2200000 a 4500
005 20120111141327.0
007 cr|||| ||||
008 090519s2009 sp |||| |||| 000 0 spa c
017 |a DL M. 9339-2009 
020 |a 9788498494372 
035 |a 4742 
040 |d vLex 
043 |a e-sp--- 
080 |a 351.85(460) 
090 |c 2907  |d 2907 
100 1 |a Abad Liceras, Jos ̌Mara̕ 
245 1 0 |a Ley de memoria histr̤ica  |h [Recurso electrn̤ico] :  |b (la problemt̀ica jurd̕ica de la retirada o mantenimiento de sm̕bolos y monumentos pb︢licos) /  |c Jos ̌Mara̕ Abad Liceras 
256 |a Servicio en ln̕ea 
260 |a Madrid :  |b Dykinson,  |c cop. 2009 
300 |a 1 recurso electrn̤ico 
500 |a La retirada, o en su caso, el mantenimiento de sm̕bolos o monumentos pb︢licos conmemorativos de la sublevacin̤ militar, de la Guerra Civil y de la represin̤ de la Dictadura, constituye uno de los asuntos esenciales y ms̀ polm̌icos previstos en el artc̕ulo 15 de la Ley de Memoria Histr̤ica, aunque su regulacin̤ es insuficiente, lo que origina ml︢tiples problemas e incg̤nitas en la prc̀tica que la norma no soluciona y que este libro pretende responder. ¿Qu ̌situaciones pueden organizarse? ¿Quiňes y cm̤o pueden promover esa medida? ¿Qu ̌tipo de procedimiento ha de seguirse? ¿Quiňes pueden intervenir en el mismo? ¿Qu ̌tipo de bienes estǹ afectados por la previsin̤ legal? ¿Cul̀es son las causas que pueden permitir el mantenimiento de los sm̕bolos y monumentos pb︢licos por la Ley? ¿Es constitucional la Ley de Memoria Histr̤ica? Estas y otras interrogantes pretenden ser desveladas en esta obra aplicando criterios estrictamente objetivos, independientes e imparciales. 
504 |a Bibliografa̕ 
506 1 |a Contenido solo disponible en los productos indicados  |d vLex Global   |d vLex Global (Academic Edition, excluding Law Schools)   |d vLex Global (U.S. Academic Edition, Law Schools)   |d vLex Global (U.S. Academic Edition, excluding Law Schools)   |d vLex Global (Academic Edition, Law Schools)  
650 0 4 |a Patrimonio histr̤ico  |z Espaą  |x Aspectos legales 
650 0 4 |a Edificios histr̤icos  |z Espaą  |x Aspectos legales 
650 0 4 |a Signos y sm̕bolos  |z Espaą  |x Aspectos legales 
650 0 4 |a Emblemas nacionales  |z Espaą  |x Aspectos legales 
650 0 4 |a Memoria colectiva  |z Espaą  |x Aspectos legales 
650 0 4 |a Memoria colectiva  |x Derecho y legislacin̤  |z Espaą 
650 0 4 |a Sm̕bolos militares  |x Derecho y legislacin̤  |z Espaą 
650 0 4 |a Simbolismo en la polt̕ica  |x Derecho y legislacin̤  |z Espaą 
710 1 |a Espaą.  |t Ley 52/2007, de 26 de diciembre, de la memoria histr̤ica 
740 0 |a vLex Libros (Servicio en ln̕ea) 
856 4 0 |u http://vlex.com/source/ley-memoria-historica-problematica-juridica-retirada-mantenimiento-simbolos-monumentos-publicos-4742  |z Acceso restringido 
942 |c BOOK